[Event "CAN-ch U20"]
[Site "Toronto CAN"]
[Date "2019.08.08"]
[Round "2.2"]
[White "Xu, Jeffrey"]
[Black "Rusonik, Max"]
[Result "1-0"]
[WhiteElo "2287"]
[BlackElo "2179"]
[PlyCount "73"]
[EventDate "2019.08.08"]
[EventType "swiss"]
[EventRounds "8"]
[EventCountry "CAN"]

1. e4 e5 2. Nf3 Nc6 3. c3 d5 4. Qa4 dxe4 5. Nxe5 Qd5 6. f4 exf3 7. Nxf3 Be6 8.
Be2 O-O-O 9. d4 Re8 10. O-O Qa5 11. Qd1 g5 12. b4 Qd5 13. b5 Na5 14. Qa4 b6 15.
Ne5 f6 16. Bf3 Qd6 17. Ba3 c5 18. bxc6 Qc7 19. Nd3 Bc4 20. Rd1 b5 21. Qc2 Nxc6
22. Nc5 Bxc5 23. Bxc5 Nge7 24. Na3 Nd5 25. Nxc4 bxc4 26. Re1 Kb7 27. Qa4 Nb6
28. Bxb6 axb6 29. d5 Ne5 30. Rxe5 Qc5+ 31. Kh1 fxe5 32. d6+ Kc8 33. Qa8+ Kd7
34. Qb7+ Kxd6 35. Rd1+ Ke6 36. Bg4+ Kf6 37. Rf1+ 1-0

[Event "CAN-ch U20"]
[Site "Toronto CAN"]
[Date "2019.08.08"]
[Round "2.3"]
[White "Zhao, Harry"]
[Black "Issani, Nameer"]
[Result "1/2-1/2"]
[WhiteElo "2159"]
[BlackElo "2257"]
[PlyCount "208"]
[EventDate "2019.08.08"]
[EventType "swiss"]
[EventRounds "8"]
[EventCountry "CAN"]

1. d4 Nf6 2. Nf3 e6 3. Nbd2 c5 4. e3 d5 5. b3 Nbd7 6. Bb2 Bd6 7. Ne5 Qc7 8. f4
b6 9. Bd3 Bb7 10. O-O O-O 11. Qe2 Rac8 12. c4 Ne4 13. Rac1 f6 14. cxd5 Nxd2 15.
Nxd7 Nxf1 16. Nxf8 Bxf8 17. dxe6 Nxe3 18. Qxe3 Bd6 19. Rf1 Bd5 20. g3 Qb7 21.
Re1 b5 22. Be4 c4 23. bxc4 bxc4 24. Bc3 g6 25. Bxd5 Qxd5 26. Qe4 Qxe4 27. Rxe4
Kf8 28. Re1 Ke7 29. Kf2 Rb8 30. Kf3 h5 31. h3 a5 32. g4 hxg4+ 33. hxg4 Rh8 34.
Bxa5 Rh3+ 35. Ke4 Ra3 36. Bb6 Kxe6 37. f5+ gxf5+ 38. gxf5+ Kd7 39. Kd5 Rxa2 40.
Re6 Be7 41. Rc6 Rf2 42. Rc7+ Ke8 43. Rxc4 Kf7 44. Ke4 Bd6 45. Rc6 Ke7 46. Bc7
Ba3 47. Re6+ Kd7 48. Bg3 Re2+ 49. Kd5 Rd2 50. Bh4 Rh2 51. Bxf6 Rf2 52. Be5 Rxf5
53. Ra6 Rf3 54. Ra7+ Kc8 55. Ke6 Re3 56. Rc7+ Kd8 57. Rb7 Rc3 58. d5 Rc1 59. d6
Bxd6 60. Bxd6 Re1+ 61. Be5 Rc1 62. Rb8+ Rc8 63. Rb3 Rc1 64. Rh3 Kc8 65. Rb3 Kd8
66. Rb2 Rc6+ 67. Bd6 Rc1 68. Rb8+ Rc8 69. Rb7 Rc1 70. Kd5 Rd1+ 71. Kc6 Rc1+ 72.
Bc5 Kc8 73. Ra7 Rb1 74. Rf7 Rd1 75. Rc7+ Kb8 76. Rb7+ Kc8 77. Rb2 Rd3 78. Rb6
Rd1 79. Kb5 Rb1+ 80. Bb4 Kc7 81. Ka5 Ra1+ 82. Kb5 Rb1 83. Re6 Rd1 84. Re7+ Rd7
85. Ba5+ Kd6 86. Re2 Rb7+ 87. Kc4 Rb1 88. Bb4+ Kc6 89. Re6+ Kd7 90. Rh6 Rc1+
91. Kd5 Rd1+ 92. Ke5 Rb1 93. Bc5 Re1+ 94. Kd5 Rd1+ 95. Bd4 Re1 96. Rh2 Rd1 97.
Rh7+ Ke8 98. Ke6 Re1+ 99. Be5 Rf1 100. Re7+ Kd8 101. Rb7 Rc1 102. Bf4 Re1+ 103.
Kd6 Rd1+ 104. Kc6 Ke8 1/2-1/2

[Event "CAN-ch U20"]
[Site "Toronto CAN"]
[Date "2019.08.08"]
[Round "2.4"]
[White "Huang, Youhe"]
[Black "Tanaka, Tyler"]
[Result "1/2-1/2"]
[WhiteElo "2126"]
[BlackElo "2239"]
[PlyCount "86"]
[EventDate "2019.08.08"]
[EventType "swiss"]
[EventRounds "8"]
[EventCountry "CAN"]

1. e4 c5 2. Nf3 d6 3. d4 cxd4 4. Nxd4 Nf6 5. Nc3 g6 6. Bd3 Nc6 7. Nxc6 bxc6 8.
O-O Bg7 9. f4 O-O 10. Qe1 Nd7 11. Bd2 Qb6+ 12. Kh1 Nc5 13. b3 Nxd3 14. cxd3 Qd4
15. Rf3 f5 16. Rc1 Qf6 17. Na4 Bd7 18. e5 dxe5 19. Nc5 Be6 20. Bc3 Bd5 21. Bxe5
Qf7 22. Re3 Rfe8 23. Bxg7 Qxg7 24. Ne6 Bxe6 25. Rxe6 Rad8 26. Qe3 Qd4 27. Qxd4
Rxd4 28. Rexc6 Rxf4 29. Rc7 a5 30. Ra7 a4 31. Rxa4 Rxa4 32. bxa4 Rb8 33. h4 Rb2
34. a3 Rb3 35. d4 Rxa3 36. Rc4 Kf7 37. Kg1 Ra2 38. Kh2 Ke6 39. Kg3 Kd5 40. Rc7
Kd6 41. Rc4 Re2 42. Kf3 Re4 43. a5 Re1 1/2-1/2

[Event "CAN-ch U20"]
[Site "Toronto CAN"]
[Date "2019.08.08"]
[Round "2.6"]
[White "Zhang, Henry"]
[Black "Zhao, Jeffrey R"]
[Result "1-0"]
[WhiteElo "2245"]
[BlackElo "2131"]
[PlyCount "59"]
[EventDate "2019.08.08"]
[EventType "swiss"]
[EventRounds "8"]
[EventCountry "CAN"]

1. e4 c5 2. Nf3 d6 3. d4 Nf6 4. Nc3 cxd4 5. Nxd4 a6 6. Be3 e5 7. Nb3 Be6 8. f3
Be7 9. Qd2 Nbd7 10. O-O-O O-O 11. g4 b5 12. g5 b4 13. Ne2 Ne8 14. f4 exf4 15.
Bxf4 Ne5 16. Ned4 Qb6 17. Nf5 Qb7 18. Nxe7+ Qxe7 19. Qxb4 Rd8 20. Nd4 g6 21.
Bxe5 Qxg5+ 22. Qd2 Qxd2+ 23. Rxd2 dxe5 24. Nxe6 Rxd2 25. Kxd2 fxe6 26. Bxa6
Rf2+ 27. Be2 Nd6 28. Ke3 Rf4 29. Bd3 Rh4 30. a4 1-0

[Event "CAN-ch U20"]
[Site "Toronto CAN"]
[Date "2019.08.08"]
[Round "2.7"]
[White "Graif, William"]
[Black "Hua, Eugene"]
[Result "1-0"]
[WhiteElo "2167"]
[BlackElo "2415"]
[PlyCount "75"]
[EventDate "2019.08.08"]
[EventType "swiss"]
[EventRounds "8"]
[EventCountry "CAN"]

1. e4 c5 2. Nc3 Nc6 3. Bb5 Nd4 4. Nf3 Nxb5 5. Nxb5 d6 6. d4 cxd4 7. Qxd4 a6 8.
Nc3 e5 9. Qb4 Be7 10. O-O Nf6 11. Bg5 d5 12. Bxf6 gxf6 13. Qb3 d4 14. Nd5 b5
15. c3 Be6 16. cxd4 f5 17. Qc3 Rc8 18. Qe3 Bxd5 19. exd5 e4 20. Ne5 Qxd5 21.
Qh3 Qe6 22. f3 O-O 23. Rae1 f6 24. fxe4 fxe5 25. exf5 Qb6 26. Kh1 e4 27. Rxe4
Bf6 28. Qh6 Rce8 29. Rg4+ Kh8 30. Rg7 Bxg7 31. Qxb6 Rf6 32. Qc5 Bf8 33. Qc3 Bg7
34. g4 Rd6 35. f6 Rxf6 36. Rxf6 Bxf6 37. g5 Bg7 38. Qc6 1-0

[Event "CAN-ch U20"]
[Site "Toronto CAN"]
[Date "2019.08.08"]
[Round "2.8"]
[White "Ahmed, Syed Ibrahim"]
[Black "Demchenko, Svitlana"]
[Result "0-1"]
[WhiteElo "2085"]
[BlackElo "2288"]
[PlyCount "82"]
[EventDate "2019.08.08"]
[EventType "swiss"]
[EventRounds "8"]
[EventCountry "CAN"]

1. d4 Nf6 2. c4 g6 3. Nf3 Bg7 4. g3 d6 5. Bg2 O-O 6. O-O Nbd7 7. Nc3 e5 8. d5
a5 9. e4 Nc5 10. Ne1 Ne8 11. Nd3 f5 12. f4 Nxe4 13. Nxe4 fxe4 14. Bxe4 Nf6 15.
Bg2 Bg4 16. Qb3 a4 17. Qa3 e4 18. Nf2 Be2 19. Re1 Bxc4 20. Nxe4 Re8 21. Qc3 b5
22. Nxf6+ Qxf6 23. Bd2 Qd4+ 24. Kh1 Bxd5 25. Qxd4 Bxg2+ 26. Kxg2 Bxd4 27. Bc3
Bxc3 28. bxc3 Kf7 29. Kf2 Re6 30. Rab1 c6 31. Rxe6 Kxe6 32. Ke3 Kd5 33. Rd1+
Kc5 34. g4 Rf8 35. Ke4 Re8+ 36. Kf3 d5 37. f5 gxf5 38. gxf5 Re4 39. Rd4 Rxd4
40. cxd4+ Kd6 41. Ke3 Ke7 0-1

[Event "CAN-ch U20"]
[Site "Toronto CAN"]
[Date "2019.08.08"]
[Round "2.9"]
[White "Gao, Raymond"]
[Black "Zheng, Kevin"]
[Result "1-0"]
[WhiteElo "2154"]
[BlackElo "2081"]
[PlyCount "91"]
[EventDate "2019.08.08"]
[EventType "swiss"]
[EventRounds "8"]
[EventCountry "CAN"]

1. e4 c5 2. Nf3 Nc6 3. Bb5 g6 4. Bxc6 bxc6 5. O-O Bg7 6. Re1 Nh6 7. d3 O-O 8.
Nc3 d6 9. Be3 e5 10. Qd2 Ng4 11. Bg5 f6 12. Bh4 Qc7 13. h3 Nh6 14. Nh2 f5 15.
Ne2 f4 16. f3 Nf7 17. c3 g5 18. Bf2 h5 19. d4 c4 20. b3 cxb3 21. axb3 Nh6 22.
dxe5 Bxe5 23. Bd4 g4 24. hxg4 hxg4 25. Red1 Qg7 26. Bxe5 dxe5 27. Nc1 gxf3 28.
Nxf3 Bg4 29. Qf2 Bh3 30. Rd2 Rf6 31. Nxe5 Re6 32. Ncd3 Rf8 33. Rxa7 Qg5 34. Nf3
Qh5 35. Qh4 Bg4 36. Qxh5 Bxh5 37. e5 Nf5 38. Nxf4 Rh6 39. Nxh5 Rxh5 40. g4 Nh4
41. Nxh4 Rxh4 42. Rc7 Rh6 43. Rd6 Rh4 44. Rg6+ Kh8 45. Rcxc6 Rf3 46. Rh6+ 1-0

[Event "CAN-ch U20"]
[Site "Toronto CAN"]
[Date "2019.08.08"]
[Round "2.10"]
[White "Lazarev, Shon"]
[Black "Xu, Daniel"]
[Result "0-1"]
[WhiteElo "1619"]
[BlackElo "2092"]
[PlyCount "114"]
[EventDate "2019.08.08"]
[EventType "swiss"]
[EventRounds "8"]
[EventCountry "CAN"]

1. d4 Nf6 2. c4 g6 3. Nf3 Bg7 4. Nc3 O-O 5. Bg5 d6 6. e3 Nbd7 7. Be2 b6 8. O-O
Bb7 9. Qc2 h6 10. Bh4 c5 11. d5 Ne5 12. Nxe5 dxe5 13. Rad1 Ne8 14. e4 Nd6 15.
a3 f5 16. f3 Rc8 17. b3 g5 18. Bf2 f4 19. Qa2 a5 20. Rb1 Ba6 21. Na4 g4 22. b4
g3 23. hxg3 fxg3 24. Bxg3 cxb4 25. axb4 Bxc4 26. Bxc4 Rxc4 27. bxa5 bxa5 28.
Nb6 Rc7 29. Qxa5 Qe8 30. Na4 Rc2 31. Rfc1 Ra2 32. Rb2 Rxa4 33. Qc3 Rc4 34. Qd2
Qg6 35. Bf2 Rxc1+ 36. Qxc1 Rxf3 37. Qc7 Rf7 38. Qd8+ Bf8 39. Rb8 Nxe4 40. Bh4
Qf5 41. Rb3 Qf1+ 42. Kh2 Rg7 43. Bg3 Nxg3 44. Rxg3 Qf4 45. Kg1 Qxg3 46. Kf1
Qxg2+ 47. Ke1 Qh2 48. Qb6 Rg1+ 49. Qxg1+ Qxg1+ 50. Ke2 e4 51. d6 exd6 52. Kd2
Bg7 53. Kc2 Bd4 54. Kd2 Qf2+ 55. Kd1 e3 56. Kc1 Qd2+ 57. Kb1 Qb2# 0-1

[Event "CAN-ch U20"]
[Site "Toronto CAN"]
[Date "2019.08.09"]
[Round "3.1"]
[White "Rodrigue-Lemieux, Shawn"]
[Black "Xu, Jeffrey"]
[Result "1-0"]
[WhiteElo "2331"]
[BlackElo "2287"]
[PlyCount "133"]
[EventDate "2019.08.08"]
[EventType "swiss"]
[EventRounds "8"]
[EventCountry "CAN"]

1. Nf3 Nf6 2. g3 d6 3. Bg2 e5 4. d3 Be7 5. O-O O-O 6. e4 Re8 7. Re1 Nbd7 8. b3
c6 9. c4 a6 10. Nc3 Qa5 11. Bd2 Qc7 12. Rc1 Rb8 13. h3 b6 14. Be3 Bf8 15. Nh4
b5 16. cxb5 axb5 17. b4 Qb7 18. f4 Nb6 19. fxe5 dxe5 20. Rb1 Be6 21. Qe2 Ra8
22. Nf3 Bd7 23. Nd1 Na4 24. Qf2 Qc8 25. g4 Ra6 26. Qh4 Be6 27. Re2 Nd7 28. Ng5
h6 29. Nxe6 Rxe6 30. Rc2 Be7 31. Qe1 Qd8 32. Nc3 Bg5 33. Bf2 Rd6 34. Rd1 Nf8
35. h4 Bf4 36. Bf1 Ne6 37. Ne2 Rxd3 38. Rxd3 Qxd3 39. Nd4 Qa3 40. Nxc6 Nd4 41.
Nxd4 exd4 42. e5 Rg6 43. Rc8+ Kh7 44. Qe4 Be3 45. h5 Bxf2+ 46. Kxf2 Qe3+ 47.
Qxe3 dxe3+ 48. Kxe3 Rxg4 49. Bd3+ g6 50. hxg6+ fxg6 51. e6 Nb6 52. e7 Nd5+ 53.
Kd2 Nxe7 54. Rc7 Rxb4 55. Rxe7+ Kg8 56. Bxg6 Rf4 57. Kc3 Rf3+ 58. Kb4 h5 59.
Bxh5 Rf4+ 60. Kb3 Kf8 61. Rb7 b4 62. Rxb4 Rf5 63. Bg4 Rg5 64. a4 Ke8 65. Rd4
Rc5 66. Kb4 Rc7 67. a5 1-0

[Event "CAN-ch U20"]
[Site "Toronto CAN"]
[Date "2019.08.09"]
[Round "3.2"]
[White "Issani, Nameer"]
[Black "Graif, William"]
[Result "0-1"]
[WhiteElo "2257"]
[BlackElo "2167"]
[PlyCount "80"]
[EventDate "2019.08.08"]
[EventType "swiss"]
[EventRounds "8"]
[EventCountry "CAN"]

1. Nf3 d5 2. c4 e6 3. e3 Nf6 4. d4 a6 5. Nbd2 b6 6. cxd5 exd5 7. Bd3 Bb7 8. Ne5
Bd6 9. b3 O-O 10. Bb2 Ne4 11. O-O Nxd2 12. Qxd2 f6 13. Nf3 Qe7 14. Nh4 g6 15.
f4 f5 16. Nf3 a5 17. Ne5 Ba6 18. Rac1 Qe8 19. h3 a4 20. g4 axb3 21. axb3 Bxd3
22. Qxd3 Na6 23. Kh2 Nb4 24. Qe2 Qe6 25. Ra1 Bxe5 26. dxe5 c5 27. Bc3 Nc6 28.
Ra6 d4 29. exd4 Qxb3 30. Rxa8 Rxa8 31. Qf3 Ra2+ 32. Kg1 Qc2 33. Qg3 Ra3 34. d5
Nd4 35. Qh4 Ne2+ 36. Kh1 Ra8 37. Ba1 Qe4+ 38. Kh2 Nxf4 39. Rf2 Qe1 40. Qg3 Rxa1
0-1

[Event "CAN-ch U20"]
[Site "Toronto CAN"]
[Date "2019.08.08"]
[Round "3.3"]
[White "Huang, Youhe"]
[Black "Zhang, Henry"]
[Result "0-1"]
[WhiteElo "2126"]
[BlackElo "2245"]
[PlyCount "78"]
[EventDate "2019.08.08"]
[EventType "swiss"]
[EventRounds "8"]
[EventCountry "CAN"]

1. d4 Nf6 2. Bf4 g6 3. Nc3 d5 4. e3 Bg7 5. h4 h5 6. Nf3 O-O 7. Ne5 c5 8. Ne2
Nc6 9. Nxc6 bxc6 10. Be5 cxd4 11. exd4 Qb6 12. Qc1 Ba6 13. c3 c5 14. Ng3 Bxf1
15. Rxf1 Qe6 16. f4 Ng4 17. f5 gxf5 18. Nxf5 f6 19. Nxg7 Kxg7 20. Qg5+ Kh7 21.
Qxh5+ Nh6 22. g4 fxe5 23. g5 Rxf1+ 24. Kxf1 Rf8+ 25. Kg2 Qg4+ 26. Qxg4 Nxg4 27.
dxc5 e4 28. b4 Ne3+ 29. Kg1 e5 30. b5 d4 31. cxd4 exd4 32. a4 d3 33. a5 d2 34.
b6 axb6 35. axb6 d1=Q+ 36. Rxd1 Nxd1 37. b7 e3 38. c6 e2 39. c7 e1=Q+ 0-1

[Event "CAN-ch U20"]
[Site "Toronto CAN"]
[Date "2019.08.09"]
[Round "3.4"]
[White "Tanaka, Tyler"]
[Black "Zhao, Harry"]
[Result "1-0"]
[WhiteElo "2239"]
[BlackElo "2159"]
[PlyCount "109"]
[EventDate "2019.08.08"]
[EventType "swiss"]
[EventRounds "8"]
[EventCountry "CAN"]

1. g3 d5 2. Nf3 Nf6 3. Bg2 Nbd7 4. O-O e5 5. d3 Bd6 6. Nc3 c6 7. e4 O-O 8. h3
dxe4 9. dxe4 Nc5 10. Nh4 a5 11. Qf3 Qc7 12. Be3 b5 13. Rfd1 b4 14. Bxc5 Bxc5
15. Na4 Ba7 16. b3 Be6 17. Nf5 Rfd8 18. Ne3 Ne8 19. c3 Nd6 20. cxb4 axb4 21.
Rac1 Nb5 22. Nd5 Qb7 23. Rxc6 Nd4 24. Rxd4 Bxd4 25. Rc7 Qb8 26. Rc2 Qd6 27. Rc6
Qf8 28. Rc2 Rdc8 29. Re2 Rc1+ 30. Kh2 Rac8 31. Qd3 Qd6 32. Nb2 Bxd5 33. exd5
Bxb2 34. Rxb2 R8c3 35. Qe4 g6 36. Re2 f6 37. h4 Rc7 38. Bh3 f5 39. Qxe5 Qxe5
40. Rxe5 R7c2 41. Kg2 Rxa2 42. g4 Rcc2 43. gxf5 Rxf2+ 44. Kg3 Rfd2 45. Bf1 Kf7
46. fxg6+ hxg6 47. Bc4 Rac2 48. Kf4 Rf2+ 49. Kg3 Rf5 50. d6+ Rxc4 51. Re7+ Kf8
52. bxc4 Rc5 53. Rc7 Re5 54. Rc8+ Re8 55. d7 1-0

[Event "CAN-ch U20"]
[Site "Toronto CAN"]
[Date "2019.08.09"]
[Round "3.6"]
[White "Rusonik, Max"]
[Black "Li, William"]
[Result "1/2-1/2"]
[WhiteElo "2179"]
[BlackElo "2292"]
[PlyCount "62"]
[EventDate "2019.08.08"]
[EventType "swiss"]
[EventRounds "8"]
[EventCountry "CAN"]

1. e4 c5 2. Nf3 d6 3. d4 cxd4 4. Nxd4 Nf6 5. Nc3 a6 6. Bg5 e6 7. Qe2 Nbd7 8.
O-O-O b5 9. a3 Bb7 10. h4 Rc8 11. Rh3 Be7 12. g4 h6 13. Bd2 Qb6 14. Be3 Rxc3
15. bxc3 Qa5 16. f3 Nc5 17. Nxb5 O-O 18. Bxc5 dxc5 19. g5 Nh5 20. Rd7 axb5 21.
Qxb5 Qxa3+ 22. Qb2 Qxb2+ 23. Kxb2 Rb8 24. Rxe7 Ba6+ 25. Kc1 Bxf1 26. Rh2 hxg5
27. hxg5 g6 28. Rc7 c4 29. f4 Ng3 30. Rf2 Rd8 31. Kb2 Rb8+ 1/2-1/2

[Event "CAN-ch U20"]
[Site "Toronto CAN"]
[Date "2019.08.08"]
[Round "3.7"]
[White "Demchenko, Svitlana"]
[Black "Ning, Eric"]
[Result "0-1"]
[WhiteElo "2288"]
[BlackElo "2084"]
[PlyCount "134"]
[EventDate "2019.08.08"]
[EventType "swiss"]
[EventRounds "8"]
[EventCountry "CAN"]

1. e4 c5 2. Nf3 Nc6 3. d4 cxd4 4. Nxd4 g6 5. c4 Bg7 6. Be3 Nh6 7. Nc3 O-O 8.
Be2 f5 9. exf5 Bxd4 10. Bxh6 Rxf5 11. O-O d6 12. Qd2 Qb6 13. Bd3 Rh5 14. Bf4
Be5 15. Bg3 Qd4 16. Qe2 Bxg3 17. hxg3 Re5 18. Be4 Be6 19. Rfd1 Qxc4 20. Qxc4
Bxc4 21. f4 Rc5 22. b4 Nxb4 23. Rab1 Ba6 24. Rxb4 Rxc3 25. Bxb7 Bxb7 26. Rxb7
Re3 27. Kf2 Re6 28. Rc1 Kf7 29. Rcc7 a6 30. a4 Rd8 31. Rb6 d5 32. Rxe6 Kxe6 33.
Ke3 Rd7 34. Rc8 Kf5 35. Kd4 h5 36. Rc3 Rd6 37. a5 Ke6 38. Rc5 Kf5 39. Rc3 h4
40. gxh4 Kxf4 41. Re3 e6 42. g3+ Kf5 43. Re5+ Kf6 44. Re3 Rc6 45. Rf3+ Ke7 46.
Ke5 Rc4 47. Re3 Rg4 48. Re2 Rxg3 49. Rb2 Re3+ 50. Kf4 d4 51. Rb7+ Kd6 52. Rb6+
Kc7 53. Rxa6 e5+ 54. Kg5 d3 55. Ra7+ Kc6 56. Ra8 d2 57. Rd8 Re2 58. Kxg6 e4 59.
a6 Kb6 60. h5 e3 61. h6 Rg2+ 62. Kf6 e2 63. Rxd2 e1=Q 64. Rxg2 Qf1+ 65. Kg7
Qxg2+ 66. Kh8 Qg6 67. h7 Qf7 0-1

[Event "CAN-ch U20"]
[Site "Toronto CAN"]
[Date "2019.08.09"]
[Round "3.8"]
[White "Joseph Benher, Savio"]
[Black "Kang, Dorian"]
[Result "0-1"]
[WhiteElo "2044"]
[BlackElo "2206"]
[PlyCount "86"]
[EventDate "2019.08.08"]
[EventType "swiss"]
[EventRounds "8"]
[EventCountry "CAN"]

1. e4 c5 2. Nf3 d6 3. d4 cxd4 4. Nxd4 Nf6 5. Nc3 g6 6. Be3 Bg7 7. f3 Nc6 8. Bc4
O-O 9. Qd2 Bd7 10. O-O-O Rc8 11. Bb3 Ne5 12. Kb1 Re8 13. g4 b5 14. h4 b4 15.
Nd5 Nxd5 16. Bxd5 e6 17. Bb7 Nc4 18. Qe2 Nxe3 19. Bxc8 Nxd1 20. Bxd7 Nc3+ 21.
bxc3 Qxd7 22. Qb5 Qxb5 23. Nxb5 bxc3 24. Ka1 Rb8 25. Rb1 a6 26. Nc7 Rxb1+ 27.
Kxb1 a5 28. Nb5 h5 29. Nxd6 g5 30. Nc4 gxh4 31. Ne3 h3 32. Nf1 hxg4 33. fxg4
Be5 34. a4 h2 35. Nxh2 Bxh2 36. Ka2 Bd6 37. Kb3 Bb4 38. Kc4 Kg7 39. Kd3 Kf6 40.
Kd4 Kg5 41. Ke5 Kxg4 42. Kf6 Kf4 43. Kxf7 e5 0-1

[Event "CAN-ch U20"]
[Site "Toronto CAN"]
[Date "2019.08.09"]
[Round "3.9"]
[White "Xu, Daniel"]
[Black "Zhao, Jeffrey R"]
[Result "1/2-1/2"]
[WhiteElo "2092"]
[BlackElo "2131"]
[PlyCount "48"]
[EventDate "2019.08.08"]
[EventType "swiss"]
[EventRounds "8"]
[EventCountry "CAN"]

1. d4 Nf6 2. c4 g6 3. Nc3 Bg7 4. e4 d6 5. f3 O-O 6. Be3 c5 7. Nge2 Nc6 8. d5
Ne5 9. Ng3 h5 10. Be2 h4 11. Nf1 e6 12. f4 Nxc4 13. Bxc4 b5 14. Bxb5 exd5 15.
e5 dxe5 16. fxe5 Bg4 17. exf6 Bxd1 18. fxg7 Kxg7 19. Bxc5 Bh5 20. Bd4+ Kh6 21.
Ne3 f5 22. O-O f4 23. Nexd5 Rb8 24. a4 a6 1/2-1/2

[Event "CAN-ch U20"]
[Site "Toronto CAN"]
[Date "2019.08.09"]
[Round "3.10"]
[White "Hua, Eugene"]
[Black "Lazarev, Shon"]
[Result "1-0"]
[WhiteElo "2415"]
[BlackElo "1619"]
[PlyCount "81"]
[EventDate "2019.08.08"]
[EventType "swiss"]
[EventRounds "8"]
[EventCountry "CAN"]

1. Nf3 Nf6 2. g3 d5 3. Bg2 e6 4. O-O Be7 5. c4 O-O 6. b3 c5 7. e3 Nc6 8. Bb2
dxc4 9. bxc4 Qc7 10. Nc3 a6 11. Qe2 Rd8 12. Rfd1 Rb8 13. d4 b6 14. d5 exd5 15.
cxd5 Na5 16. e4 Bb7 17. Bc1 Qc8 18. Bf4 Ra8 19. Ng5 c4 20. e5 Nd7 21. e6 Bxg5
22. exd7 Qxd7 23. Bxg5 Re8 24. Qd2 h6 25. Be3 Qd8 26. Rab1 b5 27. Qd4 Bc8 28.
Qb6 Qxb6 29. Bxb6 Nb7 30. d6 Bd7 31. Bxb7 Rab8 32. Bxa6 Rxb6 33. Bxb5 Bxb5 34.
Rxb5 Rxb5 35. Nxb5 Rd8 36. a4 Kf8 37. a5 Ke8 38. a6 Kd7 39. a7 Ra8 40. Ra1 Kc6
41. Nc7 1-0

[Event "CAN-ch U20"]
[Site "Toronto CAN"]
[Date "2019.08.09"]
[Round "3.11"]
[White "Zheng, Kevin"]
[Black "Ahmed, Syed Ibrahim"]
[Result "0-1"]
[WhiteElo "2081"]
[BlackElo "2083"]
[PlyCount "52"]
[EventDate "2019.08.08"]
[EventType "swiss"]
[EventRounds "8"]
[EventCountry "CAN"]

1. d4 d5 2. c4 dxc4 3. Nf3 Nf6 4. e3 Bg4 5. Bxc4 e6 6. Nc3 Nbd7 7. O-O Bb4 8.
h3 Bh5 9. a3 Bxc3 10. bxc3 c5 11. Re1 Ne4 12. Qc2 Bxf3 13. gxf3 Nd6 14. Bd3 Rc8
15. f4 Qh4 16. Bf1 cxd4 17. exd4 O-O 18. Bd3 Qxh3 19. Re3 Qh5 20. Kg2 Nf6 21.
Rg3 Qd5+ 22. Kh2 Nf5 23. Rg2 Nxd4 24. Qb2 Nf3+ 25. Kh3 Qh5+ 26. Kg3 Qg4# 0-1

[Event "CAN-ch U20"]
[Site "Toronto CAN"]
[Date "2019.08.09"]
[Round "4.1"]
[White "Zhang, Henry"]
[Black "Rodrigue-Lemieux, Shawn"]
[Result "0-1"]
[WhiteElo "2245"]
[BlackElo "2331"]
[PlyCount "76"]
[EventDate "2019.08.08"]
[EventType "swiss"]
[EventRounds "8"]
[EventCountry "CAN"]

1. e4 c6 2. d4 d5 3. e5 Bf5 4. Nf3 e6 5. Be2 Nd7 6. O-O h6 7. Nbd2 Ne7 8. Nb3
Nc8 9. a4 Be7 10. a5 O-O 11. c4 a6 12. Be3 Na7 13. Ne1 dxc4 14. Bxc4 Nb5 15. g4
Be4 16. f3 Bd5 17. Bxd5 cxd5 18. f4 f5 19. h3 b6 20. Qe2 bxa5 21. Nxa5 Rc8 22.
Nd3 Qe8 23. Rac1 Qg6 24. Nc6 Bd8 25. Ndb4 fxg4 26. Qxg4 Qe4 27. Qxe6+ Kh7 28.
Kf2 Bh4+ 29. Ke2 Nxd4+ 30. Nxd4 Qg2+ 31. Kd3 Nc5+ 32. Rxc5 Qxf1+ 33. Ne2 Qd1+
34. Bd2 Rxc5 35. f5 Qb1+ 36. Kd4 Rc4+ 37. Kxd5 Qe4+ 38. Kd6 Rd8+ 0-1

[Event "CAN-ch U20"]
[Site "Toronto CAN"]
[Date "2019.08.09"]
[Round "4.2"]
[White "Graif, William"]
[Black "Tanaka, Tyler"]
[Result "1-0"]
[WhiteElo "2167"]
[BlackElo "2239"]
[PlyCount "55"]
[EventDate "2019.08.08"]
[EventType "swiss"]
[EventRounds "8"]
[EventCountry "CAN"]

1. e4 c5 2. Nc3 Nc6 3. Bb5 Nd4 4. Nf3 Nxb5 5. Nxb5 d5 6. exd5 a6 7. Nc3 Nf6 8.
d4 Nxd5 9. dxc5 Nxc3 10. Qxd8+ Kxd8 11. bxc3 f6 12. Be3 Kc7 13. Nd2 Bf5 14.
O-O-O e6 15. Nc4 Be7 16. Bf4+ e5 17. Rhe1 Bxc5 18. Bxe5+ Kc6 19. Bd4 b6 20.
Bxc5 bxc5 21. Rd6+ Kb5 22. Ne3 Bg6 23. Nd5 Rhd8 24. Nc7+ Kc4 25. Rc6 Rac8 26.
Re7 Re8 27. Rxa6 Red8 28. Ra4+ 1-0

[Event "CAN-ch U20"]
[Site "Toronto CAN"]
[Date "2019.08.09"]
[Round "4.4"]
[White "Xu, Jeffrey"]
[Black "Ning, Eric"]
[Result "0-1"]
[WhiteElo "2287"]
[BlackElo "2084"]
[PlyCount "106"]
[EventDate "2019.08.08"]
[EventType "swiss"]
[EventRounds "8"]
[EventCountry "CAN"]

1. d3 g6 2. c3 d5 3. Nf3 Bg7 4. Nbd2 Nf6 5. e4 dxe4 6. dxe4 O-O 7. Be2 b6 8.
O-O Bb7 9. Qc2 e6 10. a4 Nbd7 11. b4 a5 12. Rb1 Ra7 13. Bc4 Qa8 14. Re1 Rd8 15.
Bb3 Ng4 16. h3 Nge5 17. Nd4 axb4 18. cxb4 Ba6 19. b5 Nc5 20. bxa6 Rxd4 21. Nf3
Nxf3+ 22. gxf3 Nxb3 23. Rxb3 Rxa4 24. Rxb6 cxb6 25. Qxa4 Rxa6 26. Qb4 Qc6 27.
Rd1 Ra8 28. Be3 b5 29. Qe7 Qe8 30. Qb7 Rb8 31. Qc7 b4 32. Rd7 Qc8 33. Qxc8+
Rxc8 34. Rb7 Bf8 35. Bd4 Bd6 36. Rb6 Be7 37. Kf1 h6 38. Ke2 Bc5 39. Bxc5 Rxc5
40. Rxb4 Rh5 41. Kf1 Rxh3 42. Kg2 Rh5 43. f4 Kg7 44. Kg3 Rc5 45. Ra4 h5 46. Rb4
Kh6 47. Rb7 Kg7 48. Rb4 Rc6 49. Ra4 Kh6 50. Ra7 f6 51. Rf7 e5 52. Re7 Rc3+ 53.
f3 exf4+ 0-1

[Event "CAN-ch U20"]
[Site "Toronto CAN"]
[Date "2019.08.09"]
[Round "4.5"]
[White "Li, William"]
[Black "Zhao, Harry"]
[Result "0-1"]
[WhiteElo "2292"]
[BlackElo "2159"]
[PlyCount "84"]
[EventDate "2019.08.08"]
[EventType "swiss"]
[EventRounds "8"]
[EventCountry "CAN"]

1. d4 d5 2. c4 e6 3. Nf3 Nf6 4. e3 c5 5. cxd5 exd5 6. Nc3 Nc6 7. Bb5 a6 8.
Bxc6+ bxc6 9. dxc5 Bxc5 10. O-O O-O 11. b3 Bg4 12. Bb2 Qe7 13. Na4 Bd6 14. Rc1
Rac8 15. h3 Bh5 16. Qd4 Bxf3 17. gxf3 Qe6 18. Qh4 Nd7 19. f4 f5 20. Kh2 c5 21.
Rg1 Rf7 22. Rg2 d4 23. b4 Qxa2 24. bxc5 Be7 25. Qh6 Qxa4 26. Rxg7+ Rxg7 27.
Qe6+ Kf8 28. Bxd4 Rg6 29. Qxf5+ Ke8 30. Qh5 Qc6 31. f3 Qb5 32. Re1 Qd3 33. Rg1
Qe2+ 34. Kh1 Kd8 35. Rxg6 hxg6 36. Qxg6 Qxf3+ 37. Kg1 Bxc5 38. Qg5+ Be7 39.
Qg8+ Kc7 40. Qc4+ Qc6 41. Qa2 Bc5 42. Qa5+ Kb7 0-1

[Event "CAN-ch U20"]
[Site "Toronto CAN"]
[Date "2019.08.09"]
[Round "4.6"]
[White "Issani, Nameer"]
[Black "Huang, Youhe"]
[Result "1-0"]
[WhiteElo "2257"]
[BlackElo "2126"]
[PlyCount "99"]
[EventDate "2019.08.08"]
[EventType "swiss"]
[EventRounds "8"]
[EventCountry "CAN"]

1. Nf3 Nf6 2. g3 c5 3. Bg2 Nc6 4. c4 g6 5. b3 e5 6. Bb2 d6 7. Nc3 Bg7 8. O-O
O-O 9. d3 Ne8 10. Nd5 f5 11. Nd2 Kh8 12. f4 Nc7 13. a3 Ne7 14. b4 Nexd5 15.
cxd5 cxb4 16. axb4 Na6 17. fxe5 Nxb4 18. Nc4 dxe5 19. Ba3 Nxd5 20. Bxf8 Bxf8
21. Nxe5 Qb6+ 22. Kh1 Ne3 23. Nc4 Qd4 24. Nxe3 Qxe3 25. Qc1 Qd4 26. e3 Qe5 27.
e4 Bg7 28. Rb1 Rb8 29. exf5 Bxf5 30. Rxb7 Rxb7 31. Bxb7 Qb2 32. Be4 Bxe4+ 33.
dxe4 Qxc1 34. Rxc1 Bd4 35. Rc7 a5 36. Kg2 Bb6 37. Rb7 Bd4 38. Kf3 Bc5 39. e5 a4
40. Rb5 Be7 41. Ke4 Kg7 42. Kd5 a3 43. Ra5 Kf7 44. Ra7 h5 45. h4 Kf8 46. Ke6
Bc5 47. Ra6 Bb4 48. Kf6 Ke8 49. Ra8+ Kd7 50. e6+ 1-0